Highest Scoring Trios by Season - Statistics

General Stats
  • This quiz has been taken 329 times
    302 since last reset
  • The average score is 39 of 48
Answer Stats
Answer % Correct
Cristiano Ronaldo
100%
Lionel Messi
100%
Luis Suarez
100%
Neymar
100%
Karim Benzema
99%
Gareth Bale
98%
Mohamed Salah
98%
Robert Lewandowski
98%
Zlatan Ibrahimovic
98%
Sadio Mane
97%
Samuel Eto'o
96%
Thomas Muller
96%
Angel Di Maria
95%
Roberto Firmino
95%
Edinson Cavani
94%
Pierre-Emerick Aubameyang
94%
Didier Drogba
93%
Kylian Mbappe
91%
Sergio Aguero
90%
Thierry Henry
90%
Alexis Sanchez
88%
Edin Dzeko
88%
Arjen Robben
87%
David VIlla
87%
Wayne Rooney
87%
Pedro
86%
Marco Reus
85%
Ousmane Dembele
85%
Serge Gnabry
85%
Frank Lampard
84%
Gonzalo Higuain
84%
Henrikh Mkhitaryan
83%
Ruud Van Nistelrooy
83%
Carlos Tevez
82%
Raheem Sterling
82%
Xavi
79%
Gabriel Jesus
78%
Franck Ribery
76%
Ole Gunnar Solskjaer
72%
Cesc Fabregas
60%
Luca Toni
59%
Lucas Moura
58%
Miroslav Klose
57%
Nicolas Anelka
57%
Paul Scholes
49%
Alvaro Morata
48%
Grafite
29%
Zvjezdan Misimovic
8%
No matching quizzes found
Score Distribution
Percent of People with Each Score
Percentile by Number Answered
Your Score History
You have not taken this quiz since the last reset